Australia Multiple Choice - Statistics

General Stats
  • This quiz has been taken 642 times
    614 since last reset
  • The average score is 10 of 17
Answer Stats
Question Answer % Correct
What is the capital of Australia? Canberra
97%
Located on the coast of Queensland, world's largest coral reef goes under which name? Great Barrier Reef
94%
On the first day of which year was Australia announced its independence from the British? 1901
84%
What is the largest and capital city of the Northern Territory? Darwin
81%
Which one of these does NOT appear on the Australian coat of arms? Koala
74%
What is the biggest immigrant language of Australia? Mandarin
71%
What is the approximate population of Australia as of 2018? 25 million
68%
What is the historical European name for the mainland Australia? New Holland
61%
Who is NOT Australian from these celebs? Peter Jackson
58%
True or False? - There are less kangaroos than people in Australia False
52%
Which one of these states does Australia's longest river, the Murray River, NOT run through? Queensland
48%
Australia was inhabited by indigenous people for about how many years before the Europeans arrived? 50,000 years
42%
What is the name of the peninsula in the northeast? Cape York
39%
Between the years of 1788 and 1868, around 162,000 people were sent to Australia from Britain. What kind of people were they? Convicts
35%
What does "Crossing the Ditch" mean in Australia? Travelling from Australia to New Zealand or vice verse
35%
The longest national highway in the world goes all around the Australian coast. What is its name? Highway 1
32%
Who was the first known European to have explored Australia? Willem Janszoon
16%
No matching quizzes found
Score Distribution
Percent of People with Each Score
Percentile by Number Answered
Your Score History
You have not taken this quiz since the last reset